Modrí vykladači ústavy

Podrobná bibliografia
Hlavný autor: Slobodník, Dušan, 1927-2001 (Autor)
Médium: Článok
Jazyk:slovenčina
Predmet:

MARC

LEADER 00000nab a2200000 a 4500
001 vtls000610235
003 SK-MaSNL
005 20260303014552.0
008 160401c1997 xo 0 slo
015 |a SNBRB19rr/mm-uuuuu 
035 |a CL0610374 
040 |a SNKBUCL  |b slo  |c SNKBUCL  |e AACR2 
041 0 |a slo 
044 |a xo  |c SK 
080 |a 329.052(437.6):342.4(437.6)  |2 1981 
080 |a 342.4(437.6)  |2 1981 
100 1 |a Slobodník, Dušan,  |d 1927-2001  |4 aut  |9 103407 
245 1 0 |a Modrí vykladači ústavy  |c Dušan Slobodník 
650 0 7 |a Ústava Slovenskej republiky  |2 snkbucl  |9 499021 
650 0 7 |a strany politické opozičné  |2 snkbucl  |9 897206 
655 7 |a články z novín a časopisov  |2 snkbucl  |9 267496 
773 0 |t Slovenská republika  |g Roč. 5, č. 9 (13. 1. 1997), s. 3 
850 |a Slovenská národná knižnica v Martine  |a MTA001 
852 |a SNK  |b KIS3GCP 
958 |a SK 
958 |a RK 
958 |a RBX 
999 |c 1608236  |d 1610166